| 000 | 00529cam a2200193 4500 | ||
|---|---|---|---|
| 001 | D4866 | ||
| 008 | 090401t1969 xxu||||| |||| 00| 0 eng d | ||
| 035 | _a(Sirsi) u22752 | ||
| 041 | _aeng | ||
| 050 | _a346.4204346 | ||
| 110 |
_aMinistry of Housing and Local Government _91285 |
||
| 245 | _aChange in the law on leasehold prices 16th May 1969 | ||
| 260 |
_aLondon _bMinistry of Housing and Local Government _c1969 |
||
| 300 | _a1 sheet | ||
| 350 | _a0 | ||
| 490 |
_aMHLG Circular _v127 |
||
| 942 | _n0 | ||
| 948 | _c04/03/1997 | ||
| 999 |
_c88244 _d88244 |
||